Baylen 1808-2008 (Record no. 177348)

MARC details
000 -LEADER
campo de control de longitud fija 01319nam a2200313 4500
001 - NÚMERO DE CONTROL
campo de control 177348
003 - IDENTIFICADOR DE NÚMERO DE CONTROL
campo de control ES-MaACL
005 - FECHA Y HORA DE LA ÚLTIMA TRANSACCIÓN
campo de control 20230907121211.0
008 - DATOS DE LONGITUD FIJA--INFORMACIÓN GENERAL
campo de control de longitud fija 110316s2009 sp ad |||| | spa d
020 ## - NÚMERO INTERNACIONAL ESTÁNDAR DEL LIBRO
Número Internacional Estándar del Libro 978-84-8439-465-5
080 ## - NÚMERO DE LA CLASIFICACIÓN DECIMAL UNIVERSAL
Número de la Clasificación Decimal Universal 355.48(460)"1808"
080 ## - NÚMERO DE LA CLASIFICACIÓN DECIMAL UNIVERSAL
Número de la Clasificación Decimal Universal 94(460)"1808/14"
245 00 - MENCIÓN DEL TÍTULO
Título Baylen 1808-2008
Resto del título : actas del congreso internacional "Baylen 1808-2008" : Bailén: su impacto en la nueva Europa del siglo XIX y su proyección futura /
Mención de responsabilidad, etc. organizadas por el Ayuntamiento de Bailén ; coordinación científica, Francisco Acosta Ramírez, Marta Ruiz Jiménez.
250 ## - MENCION DE EDICION
Mención de edición 1ª ed.
260 ## - PUBLICACIÓN, DISTRIBUCIÓN, ETC.
Lugar de publicación, distribución, etc. Jaén :
Nombre del editor, distribuidor, etc. Universidad de Jaén,
Fecha de publicación, distribución, etc. 2009.
300 ## - DESCRIPCIÓN FÍSICA
Extensión 766 p. :
Otras características físicas il. ;
Dimensiones 24 cm.
490 1# - MENCIÓN DE SERIE
Mención de serie Martínez de Maza. Estudios
650 #7 - PUNTO DE ACCESO ADICIONAL DE MATERIA--TÉRMINO DE MATERIA
Término de materia o nombre geográfico como elemento de entrada Bailén, Batalla de, 1808.
9 (RLIN) 145672
651 #7 - PUNTO DE ACCESO ADICIONAL DE MATERIA--NOMBRE GEOGRÁFICO
Nombre geográfico España-
Subdivisión general Historia-
Subdivisión cronológica 1808-1814, Guerra de la Independencia-
Subdivisión de forma Congresos y asambleas.
9 (RLIN) 8245
700 1# - ENTRADA AGREGADA--NOMBRE PERSONAL
Nombre de persona Acosta Ramírez, Francisco.
9 (RLIN) 142650
700 1# - ENTRADA AGREGADA--NOMBRE PERSONAL
Nombre de persona Ruiz Jiménez, Marta.
9 (RLIN) 142832
710 1# - ENTRADA AGREGADA--NOMBRE DE ENTIDAD CORPORATIVA
Nombre de entidad corporativa o nombre de jurisdicción como elemento de entrada Bailén.
Unidad subordinada Ayuntamiento.
9 (RLIN) 145675
710 2# - ENTRADA AGREGADA--NOMBRE DE ENTIDAD CORPORATIVA
Nombre de entidad corporativa o nombre de jurisdicción como elemento de entrada Universidad de Jaén.
9 (RLIN) 139784
830 0# - PUNTO DE ACCESO ADICIONAL DE SERIE-TÍTULO UNIFORME
Título uniforme Martínez de Maza. Estudios
9 (RLIN) 224159
852 ## - LOCALIZACIÓN
Ubicación ES-MaACL
itemnumber 184166
Sublocalización o colección R.145733
Número de control de estantería A-11040
Signatura antigua Olim: N-4045
Ubicación en estantería Depósito 1
942 ## - ELEMENTOS DE ENTRADA SECUNDARIOS (KOHA)
Fuente del sistema de clasificación o colocación Clasificación decimal universal
Tipo de ítem Koha Libro impreso
Holdings
Estatus retirado Estado de pérdida Fuente del sistema de clasificación o colocación Estado de daño No para préstamo Biblioteca de origen Biblioteca actual Ubicación en estantería Fecha de adquisición Fuente de adquisición Total de préstamos Signatura topográfica completa Código de barras Visto por última vez Precio de reemplazo Tipo de ítem Koha
    Clasificación decimal universal     Biblioteca del Ateneo de Madrid Biblioteca del Ateneo de Madrid Depósito 1 16/03/2011 Compra   A-11040 1186269 23/02/2023 23/02/2023 Libro impreso